| 000 | 00569nam a2200181 a 4500 | ||
|---|---|---|---|
| 001 | 000032113 | ||
| 003 | OSt | ||
| 005 | 20250411112310.0 | ||
| 008 | 110712s1935 dr 000 0 spa d | ||
| 040 |
_aDO-SdBNP _bspa _cBNPHU |
||
| 049 | _aBNPD | ||
| 082 |
_axxxx _bP376p |
||
| 100 | 1 |
_aPeguero, Luis Salvador _958231 |
|
| 245 | 1 | 3 | _aLa personalidad del Generalísimo doctor Rafael Leónidas Trujillo Molina, honorable presidente de la República y benefactor de la patria. |
| 260 |
_aSanto Domingo : _bCromos, _c1935. |
||
| 300 |
_a82 p. ; _c22 cm. |
||
| 942 |
_2ddc _cLBS1 |
||
| 999 |
_c31604 _d31604 |
||